000 00640nam a2200217Ia 4500
005 20230117095845.0
008 131103s9999 xx 000 0 und d
020 _a521630274
_cRs.650
040 _aLoreto College
041 _aEnglish
082 _a954
_bMET
100 _aMetcalf,Barbara D.
245 2 _aA concise history of India
_cBarbara D.Metcalf and Thomas R.Metcalf
260 _aCambridge
_bCambridge University Press
_cc 2002
300 _axxiii,321 p.
_b illus,maps
504 _aIncludes bibliographical references and index
650 _aIndian History
700 _aMetcalf,Thomas R.
850 _aLCLIB
942 _cBK
999 _c8978
_d59457